| 000 -LEADER |
| fixed length control field |
01916cam a2200481 i 4500 |
| 001 - CONTROL NUMBER |
| control field |
23124513 |
| 005 - DATE AND TIME OF LATEST TRANSACTION |
| control field |
20240828134628.0 |
| 008 - FIXED-LENGTH DATA ELEMENTS--GENERAL INFORMATION |
| fixed length control field |
230511t20222022nyua 001 0 eng d |
| 010 ## - LIBRARY OF CONGRESS CONTROL NUMBER |
| LC control number |
2023301153 |
| 015 ## - NATIONAL BIBLIOGRAPHY NUMBER |
| National bibliography number |
GBC1G1456 |
| Source |
bnb |
| 016 7# - NATIONAL BIBLIOGRAPHIC AGENCY CONTROL NUMBER |
| Record control number |
020340428 |
| Source |
Uk |
| 020 ## - INTERNATIONAL STANDARD BOOK NUMBER |
| International Standard Book Number |
9781264258840 |
| Qualifying information |
(paperback) |
| 020 ## - INTERNATIONAL STANDARD BOOK NUMBER |
| International Standard Book Number |
1264258844 |
| Qualifying information |
(paperback) |
| 020 ## - INTERNATIONAL STANDARD BOOK NUMBER |
| Canceled/invalid ISBN |
9781264258857 |
| Qualifying information |
(e-book) |
| 035 ## - SYSTEM CONTROL NUMBER |
| System control number |
(OCoLC)on1289614007 |
| 042 ## - AUTHENTICATION CODE |
| Authentication code |
lccopycat |
| 082 04 - DEWEY DECIMAL CLASSIFICATION NUMBER |
| Classification number |
519.2,LIP |
| 100 1# - MAIN ENTRY--PERSONAL NAME |
| Personal name |
Lipschutz, Seymour, |
| Relator term |
author. |
| 9 (RLIN) |
8529 |
| 245 10 - TITLE STATEMENT |
| Title |
Probability / |
| Statement of responsibility, etc. |
Seymour Lipschutz, Marc Lipson. |
| 246 3# - VARYING FORM OF TITLE |
| Title proper/short title |
Schaum's outlines. |
| Name of part/section of a work |
Probability |
| 250 ## - EDITION STATEMENT |
| Edition statement |
Third edition. |
| 264 #1 - PRODUCTION, PUBLICATION, DISTRIBUTION, MANUFACTURE, AND COPYRIGHT NOTICE |
| Place of production, publication, distribution, manufacture |
New York : |
| Name of producer, publisher, distributor, manufacturer |
McGraw-Hill, |
| Date of production, publication, distribution, manufacture, or copyright notice |
[2022] |
| 264 #4 - PRODUCTION, PUBLICATION, DISTRIBUTION, MANUFACTURE, AND COPYRIGHT NOTICE |
| Date of production, publication, distribution, manufacture, or copyright notice |
©2022 |
| 300 ## - PHYSICAL DESCRIPTION |
| Extent |
vi, 311 pages : |
| Other physical details |
illustrations ; |
| Dimensions |
28 cm |
| 336 ## - CONTENT TYPE |
| Content type term |
text |
| Content type code |
txt |
| Source |
rdacontent |
| 337 ## - MEDIA TYPE |
| Media type term |
unmediated |
| Media type code |
n |
| Source |
rdamedia |
| 338 ## - CARRIER TYPE |
| Carrier type term |
volume |
| Carrier type code |
nc |
| Source |
rdacarrier |
| 490 1# - SERIES STATEMENT |
| Series statement |
Schaum's outline series |
| 505 0# - FORMATTED CONTENTS NOTE |
| Formatted contents note |
Set theory (Page-1), Techniques of counting (Page-32), Introduction to probability (Page-59), Conditional probability and independence (Page-85), Random variables (Page-119), Random variable models (Page-177) Markov chains (Page-224). |
| 650 #0 - SUBJECT ADDED ENTRY--TOPICAL TERM |
| Topical term or geographic name entry element |
Probabilities |
| Form subdivision |
Problems, exercises, etc. |
| 9 (RLIN) |
102404 |
| 650 #0 - SUBJECT ADDED ENTRY--TOPICAL TERM |
| Topical term or geographic name entry element |
Probabilities |
| Form subdivision |
Study guides. |
| 9 (RLIN) |
125438 |
| 650 #0 - SUBJECT ADDED ENTRY--TOPICAL TERM |
| Topical term or geographic name entry element |
Mathematics |
| Form subdivision |
Study guides. |
| 9 (RLIN) |
125439 |
| 650 #6 - SUBJECT ADDED ENTRY--TOPICAL TERM |
| Topical term or geographic name entry element |
Probabilités |
| Form subdivision |
Problèmes et exercices. |
| 9 (RLIN) |
125440 |
| 650 #6 - SUBJECT ADDED ENTRY--TOPICAL TERM |
| Topical term or geographic name entry element |
Probabilités |
| Form subdivision |
Guides de l'étudiant. |
| 9 (RLIN) |
125441 |
| 650 #6 - SUBJECT ADDED ENTRY--TOPICAL TERM |
| Topical term or geographic name entry element |
Mathématiques |
| Form subdivision |
Guides de l'étudiant. |
| 9 (RLIN) |
125442 |
| 650 #7 - SUBJECT ADDED ENTRY--TOPICAL TERM |
| Topical term or geographic name entry element |
Mathematics. |
| Source of heading or term |
fast |
| Authority record control number or standard number |
(OCoLC)fst01012163 |
| 650 #7 - SUBJECT ADDED ENTRY--TOPICAL TERM |
| Topical term or geographic name entry element |
Probabilities. |
| Source of heading or term |
fast |
| Authority record control number or standard number |
(OCoLC)fst01077737 |
| 655 #7 - INDEX TERM--GENRE/FORM |
| Genre/form data or focus term |
Problems and exercises. |
| Source of term |
fast |
| Authority record control number |
(OCoLC)fst01423783 |
| 9 (RLIN) |
95319 |
| 655 #7 - INDEX TERM--GENRE/FORM |
| Genre/form data or focus term |
Study guides. |
| Source of term |
fast |
| Authority record control number |
(OCoLC)fst01423888 |
| 9 (RLIN) |
24862 |
| 700 1# - ADDED ENTRY--PERSONAL NAME |
| Personal name |
Lipson, Marc, |
| Relator term |
author. |
| 9 (RLIN) |
109541 |
| 830 #0 - SERIES ADDED ENTRY--UNIFORM TITLE |
| Uniform title |
Schaum's outline series. |
| 9 (RLIN) |
8664 |
| 942 ## - ADDED ENTRY ELEMENTS (KOHA) |
| Source of classification or shelving scheme |
|
| Koha item type |
Reference |